[Event "34th European Club Cup 2018"]
[Site "Halkidiki"]
[Date "2018.10.16"]
[Round "5"]
[White "Gupta, Milon"]
[Black "Storme, Isak"]
[Result "0-1"]
[WhiteElo "2206"]
[BlackElo "2276"]
[Annotator "TA"]
[PlyCount "96"]
[EventDate "2018.10.12"]
[EventType "team-tourn"]
[EventCountry "GRE"]
[SourceTitle "playchess.com"]
[Source "ChessBase"]
[SourceQuality "1"]
[WhiteTeam "Solingen"]
[BlackTeam "SK Oslo"]

1. Nf3 d5 2. c4 dxc4 3. e3 Be6 4. Na3 a6 5. Nxc4 c5 6. b3 Nc6 7. Be2 Nf6 8. O-O g6 9. Bb2 Bg7 10. Nce5 Nxe5 11. Bxe5 O-O 12. d4 cxd4 13. Qxd4 Qxd4 14. Nxd4 Bd5 15. f3 Bh6 16. Kf2 Nd7 17. Bg3 e5 18. Nc2 Be6 19. Nb4 f5 20. f4 Nc5 21. Rfd1 Ne4+ 22. Ke1 exf4 23. Bxf4 Bg7 24. Rac1 Bc3+ 25. Rxc3 Nxc3 26. Rd6 Nxe2 27. Kxe2 Rfe8 28. Nc2 Rad8 29. Rxd8 Rxd8 30. Nd4 Bd5 31. g3 Kf7 32. h4 Rc8 33. Kd2 Kg7 34. Bg5 Kf7 35. Bf4 Be4 36. Bh6 Kf6 37. Bf4 Ke7 38. Kd1 b5 39. a3 Rc3 40. Kd2 Rd3+ 41. Ke2 Kd7 42. Bh6 Kd6 43. Bg7 Kd5 44. Bf8 a5 45. Be7 a4 46. bxa4 bxa4 47. Bf8 Kc4 48. Bb4 Rb3 0-1

[Event "34th European Club Cup 2018"]
[Site "Halkidiki"]
[Date "2018.10.16"]
[Round "5"]
[White "Budima, Armend"]
[Black "Gnichtel, Gerd"]
[Result "1/2-1/2"]
[WhiteElo "2202"]
[BlackElo "2125"]
[Annotator "TA"]
[PlyCount "54"]
[EventDate "2018.10.12"]
[EventType "team-tourn"]
[EventCountry "GRE"]
[SourceTitle "playchess.com"]
[Source "ChessBase"]
[SourceQuality "1"]
[WhiteTeam "Dardania"]
[BlackTeam "Echternach"]

1. e4 c5 2. Nf3 Nc6 3. d4 cxd4 4. Nxd4 Nf6 5. Nc3 e5 6. Ndb5 d6 7. Bg5 a6 8. Na3 b5 9. Nd5 Be7 10. Bxf6 Bxf6 11. c4 b4 12. Nc2 a5 13. b3 O-O 14. g3 Be6 15. h4 Bxd5 16. cxd5 Nd4 17. Nxd4 exd4 18. Rc1 Rc8 19. Rc4 Re8 20. Bd3 Qd7 21. Qf3 Rxc4 22. Bxc4 Qe7 23. Bd3 Rc8 24. Bc4 Re8 25. Bd3 Rc8 26. Bc4 Re8 27. Bd3 Rc8 1/2-1/2

[Event "34th European Club Cup 2018"]
[Site "Halkidiki"]
[Date "2018.10.16"]
[Round "5"]
[White "In t Veld, Daan"]
[Black "Pantzar, Milton"]
[Result "1-0"]
[WhiteElo "2194"]
[BlackElo "2326"]
[Annotator "TA"]
[PlyCount "63"]
[EventDate "2018.10.12"]
[EventType "team-tourn"]
[EventCountry "GRE"]
[SourceTitle "playchess.com"]
[Source "ChessBase"]
[SourceQuality "1"]
[WhiteTeam "Deloitte"]
[BlackTeam "Team Viking"]

1. e4 e5 2. Nf3 Nc6 3. Bb5 g6 4. c3 a6 5. Bc4 Bg7 6. d4 d6 7. O-O Nge7 8. h3 O-O 9. Re1 h6 10. a4 exd4 11. cxd4 d5 12. exd5 Nxd5 13. Ne5 Nxe5 14. dxe5 Be6 15. Qb3 c6 16. Nc3 Nxc3 17. Bxe6 fxe6 18. Qxe6+ Kh7 19. bxc3 Qh4 20. g3 Qh5 21. Qg4 Qxg4 22. hxg4 Rf3 23. a5 Re8 24. Rb1 Rxe5 25. Rxe5 Bxe5 26. Rxb7+ Kg8 27. Rb6 Rxc3 28. Be3 Kf7 29. Rxa6 Ke6 30. Ra8 Ra3 31. a6 c5 32. a7 1-0

[Event "34th European Club Cup 2018"]
[Site "Halkidiki"]
[Date "2018.10.16"]
[Round "5"]
[White "Ramondino, Renzo"]
[Black "O`connor, Eddie"]
[Result "1/2-1/2"]
[WhiteElo "2193"]
[BlackElo "1972"]
[Annotator "TA"]
[PlyCount "65"]
[EventDate "2018.10.12"]
[EventType "team-tourn"]
[EventCountry "GRE"]
[SourceTitle "playchess.com"]
[Source "ChessBase"]
[SourceQuality "1"]
[WhiteTeam "Lazio ASD"]
[BlackTeam "Dublin"]

1. Nf3 Nf6 2. c4 c6 3. Nc3 d5 4. e3 Bf5 5. cxd5 cxd5 6. Qb3 e6 7. Qxb7 Nbd7 8. Nb5 Rc8 9. Qxa7 Be7 10. Qd4 O-O 11. Be2 Ne4 12. O-O Qa5 13. Qa7 Qd8 14. Qa4 Ra8 15. Qd1 Qb6 16. d3 Nef6 17. d4 Ne4 18. Ne1 Rfc8 19. f3 Nd6 20. a4 Nxb5 21. Bxb5 Qxb5 22. axb5 Rxa1 23. Nd3 Bxd3 24. Qxd3 Rcxc1 25. Rxc1 Rxc1+ 26. Kf2 Nb6 27. Qd2 Rc8 28. b3 h5 29. e4 g6 30. Qa5 Bd8 31. e5 Kg7 32. Kg3 Kg8 33. Qb4 1/2-1/2

[Event "34th European Club Cup 2018"]
[Site "Halkidiki"]
[Date "2018.10.16"]
[Round "5"]
[White "Van der Elburg, Freddie"]
[Black "Jensen, Michael Agermose"]
[Result "1-0"]
[WhiteElo "2191"]
[BlackElo "2022"]
[Annotator "TA"]
[PlyCount "116"]
[EventDate "2018.10.12"]
[EventType "team-tourn"]
[EventCountry "GRE"]
[SourceTitle "playchess.com"]
[Source "ChessBase"]
[SourceQuality "1"]
[WhiteTeam "Apeldoorn"]
[BlackTeam "Bronshoj"]

1. f4 e5 2. fxe5 d6 3. exd6 Bxd6 4. Nf3 Nf6 5. d4 Ng4 6. Qd3 c5 7. Nc3 O-O 8. Bg5 f6 9. dxc5 Bxc5 10. Qc4+ Kh8 11. Qxc5 fxg5 12. Rd1 Qf6 13. Rd6 Qf4 14. g3 Qe3 15. Qxe3 Nxe3 16. Nxg5 Nc6 17. Rd3 Nxc2+ 18. Kd2 N2b4 19. Rd6 Ne5 20. b3 Bd7 21. Bg2 Bc6 22. Bxc6 Nbxc6 23. Nge4 Rae8 24. h3 h6 25. Rd1 Re7 26. Kc2 Ref7 27. a3 Rf1 28. R1d5 Re8 29. Rb5 Rf7 30. Rc5 Kh7 31. b4 Nd7 32. Rh5 Nb6 33. Ng5+ Kg8 34. Nxf7 Kxf7 35. Kb3 Re3 36. Rd3 Re6 37. Rf5+ Kg6 38. g4 Nc8 39. Nd5 Kh7 40. Nf4 Re4 41. e3 Ne5 42. Rc3 Nd6 43. Rf8 Nb5 44. Rcc8 Rxe3+ 45. Kc2 Ng6 46. Nxg6 Kxg6 47. a4 Nd4+ 48. Kd2 Rxh3 49. Rfd8 Nf3+ 50. Ke2 Ne5 51. Rc7 Rh2+ 52. Kf1 Nxg4 53. Rdd7 Ne3+ 54. Kg1 Ra2 55. Rxg7+ Kf5 56. a5 b6 57. Rxa7 bxa5 58. Rxa5+ Ke4 1-0

[Event "34th European Club Cup 2018"]
[Site "Halkidiki"]
[Date "2018.10.16"]
[Round "5"]
[White "Maksimovic, Marko"]
[Black "Tesic, Dragan"]
[Result "1-0"]
[WhiteElo "2187"]
[BlackElo "2313"]
[Annotator "TA"]
[PlyCount "81"]
[EventDate "2018.10.12"]
[EventType "team-tourn"]
[EventCountry "GRE"]
[SourceTitle "playchess.com"]
[Source "ChessBase"]
[SourceQuality "1"]
[WhiteTeam "Partizan"]
[BlackTeam "Sloven Ruma"]

1. d4 Nf6 2. c4 g6 3. Nc3 d5 4. Bg5 Ne4 5. Bh4 c5 6. cxd5 Nxc3 7. bxc3 Qxd5 8. Nf3 Nc6 9. e3 cxd4 10. exd4 Qa5 11. Qb3 Be6 12. Bc4 Bxc4 13. Qxc4 Bg7 14. O-O Rd8 15. Rab1 Qa6 16. Qc5 Rd7 17. d5 Nd8 18. Rfe1 f6 19. Rb2 Kf7 20. Rbe2 Re8 21. Bg3 Qb6 22. Qc4 Kf8 23. Nd4 Qa5 24. Nb5 Nf7 25. Nc7 b5 26. Qc5 Qb6 27. Qc6 Qxc6 28. dxc6 Rxc7 29. Bxc7 e5 30. Ba5 Rc8 31. c7 Ke8 32. Rd1 Bh6 33. Rb2 a6 34. c4 e4 35. cxb5 axb5 36. g3 Bf8 37. Rxb5 Bd6 38. Rbd5 Bxc7 39. Rc1 Rd8 40. Rxd8+ Bxd8 41. Bxd8 1-0

[Event "34th European Club Cup 2018"]
[Site "Halkidiki"]
[Date "2018.10.16"]
[Round "5"]
[White "Liodakis, Konstantinos-Spyros"]
[Black "Vedder, Richard"]
[Result "1-0"]
[WhiteElo "2182"]
[BlackElo "2288"]
[Annotator "TA"]
[PlyCount "49"]
[EventDate "2018.10.12"]
[EventType "team-tourn"]
[EventCountry "GRE"]
[SourceTitle "playchess.com"]
[Source "ChessBase"]
[SourceQuality "1"]
[WhiteTeam "Chania CA"]
[BlackTeam "En Passant"]

1. e4 e5 2. Nc3 Nf6 3. Bc4 Nxe4 4. Qh5 Nd6 5. Bb3 Be7 6. Qxe5 O-O 7. Nge2 Nc6 8. Qf4 Bg5 9. Qf3 Ne5 10. Qg3 Re8 11. d4 Bxc1 12. Rxc1 Nec4 13. O-O Nxb2 14. Nf4 c6 15. Rb1 Nbc4 16. Bxc4 Nxc4 17. Rfe1 Rf8 18. Nh5 g6 19. Ne4 d5 20. Nef6+ Kh8 21. Qg5 gxh5 22. Qh6 Bf5 23. Nxh5 Rg8 24. Re8 Qg5 25. Qxg5 1-0

[Event "34th European Club Cup 2018"]
[Site "Halkidiki"]
[Date "2018.10.16"]
[Round "5"]
[White "Salihu, Sami"]
[Black "Noe, Christopher"]
[Result "0-1"]
[WhiteElo "2182"]
[BlackElo "2530"]
[Annotator "TA"]
[PlyCount "114"]
[EventDate "2018.10.12"]
[EventType "team-tourn"]
[EventCountry "GRE"]
[SourceTitle "playchess.com"]
[Source "ChessBase"]
[SourceQuality "1"]
[WhiteTeam "Dardania"]
[BlackTeam "Echternach"]

1. d4 Nf6 2. Bg5 e6 3. Nf3 d5 4. Nbd2 c5 5. e3 Nc6 6. c3 Bd6 7. Bd3 O-O 8. O-O b6 9. Re1 Bb7 10. Bf4 Qc7 11. Bxd6 Qxd6 12. Bb5 Rfc8 13. Bxc6 Bxc6 14. Ne5 Be8 15. f4 b5 16. Nb3 Ne4 17. dxc5 Nxc5 18. Nxc5 Qxc5 19. a3 f6 20. Nf3 Bg6 21. Nd4 e5 22. f5 Bf7 23. Nc2 Qc4 24. Qe2 Qe4 25. Qf2 a5 26. Re2 Rc4 27. Rd2 Rac8 28. Rf1 h6 29. h3 Qh4 30. Qxh4 Rxh4 31. Kh2 h5 32. g3 Re4 33. Rg1 Rcc4 34. Rgd1 Kh7 35. Kg2 Rc8 36. Kf3 Rec4 37. Re1 Kh6 38. h4 g6 39. fxg6 Bxg6 40. Red1 Be4+ 41. Kf2 Kg6 42. Ne1 b4 43. cxb4 axb4 44. axb4 Rxb4 45. Ra1 Rcb8 46. Ra2 Rb3 47. Nf3 d4 48. Re2 Bd3 49. exd4 Bxe2 50. Kxe2 Rxb2+ 51. Rxb2 Rxb2+ 52. Ke3 Rb3+ 53. Ke2 exd4 54. Nxd4 Rxg3 55. Kf2 Rg4 56. Nf3 Kf5 57. Ke3 Rg3 0-1

[Event "34th European Club Cup 2018"]
[Site "Halkidiki"]
[Date "2018.10.16"]
[Round "5"]
[White "Nordenbaek, Jan"]
[Black "Mcgowan, Daniel"]
[Result "0-1"]
[WhiteElo "2173"]
[BlackElo "2157"]
[Annotator "TA"]
[PlyCount "76"]
[EventDate "2018.10.12"]
[EventType "team-tourn"]
[EventCountry "GRE"]
[SourceTitle "playchess.com"]
[Source "ChessBase"]
[SourceQuality "1"]
[WhiteTeam "Hillerod"]
[BlackTeam "Grantham"]

1. e4 e6 2. d4 d5 3. Nc3 Nf6 4. Bg5 Be7 5. e5 Nfd7 6. Bxe7 Qxe7 7. f4 a6 8. Nf3 c5 9. h4 Nc6 10. Rh3 cxd4 11. Nxd4 Qb4 12. Nxc6 bxc6 13. Qd2 c5 14. a3 Qb7 15. h5 d4 16. Nd1 Qe4+ 17. Kf2 Bb7 18. Rg3 f6 19. Bd3 Qd5 20. c4 dxc3 21. Qxc3 O-O 22. Bc4 Qc6 23. Kg1 fxe5 24. fxe5 Rae8 25. Nf2 Rf4 26. Rd1 Nb6 27. Bd3 c4 28. Bb1 Nd5 29. Qc2 Rf5 30. h6 g6 31. Qd2 Rh5 32. Qd4 Rf8 33. Ng4 Kh8 34. Rf1 Rxf1+ 35. Kxf1 Rh1+ 36. Ke2 Rxb1 37. Rf3 Kg8 38. Nf6+ Nxf6 0-1

[Event "34th European Club Cup 2018"]
[Site "Halkidiki"]
[Date "2018.10.16"]
[Round "5"]
[White "Ledger, Dave J"]
[Black "Kukk, Sander"]
[Result "0-1"]
[WhiteElo "2168"]
[BlackElo "2235"]
[Annotator "TA"]
[PlyCount "116"]
[EventDate "2018.10.12"]
[EventType "team-tourn"]
[EventCountry "GRE"]
[SourceTitle "playchess.com"]
[Source "ChessBase"]
[SourceQuality "1"]
[WhiteTeam "Blackthorne"]
[BlackTeam "Reval"]

1. e4 g6 2. d4 Bg7 3. Nc3 d6 4. f4 a6 5. Nf3 b5 6. Bd3 Nd7 7. O-O c5 8. dxc5 Nxc5 9. Be3 b4 10. Ne2 Bb7 11. Bxc5 dxc5 12. e5 Nh6 13. Ng3 O-O 14. Be4 Qc7 15. Qe2 Bxe4 16. Qxe4 e6 17. Rad1 Rad8 18. h3 Nf5 19. Nxf5 gxf5 20. Qc4 Qc6 21. Ng5 h6 22. Nf3 Qe4 23. b3 Qxc4 24. bxc4 f6 25. Rfe1 Kf7 26. g3 fxe5 27. fxe5 Ke7 28. Nh4 Rg8 29. Nf3 h5 30. Kf2 Bh6 31. Nh4 Bd2 32. Rf1 Bc3 33. Nf3 Rxd1 34. Rxd1 Rd8 35. Rxd8 Kxd8 36. Ke3 Bb2 37. Kd3 Kc7 38. Ng5 Kd7 39. Nf3 Kc6 40. Ng5 Bxe5 41. Nxe6 Kd6 42. Nd8 Bxg3 43. Nb7+ Kc6 44. Nd8+ Kd7 45. Nb7 Bd6 46. Ke3 Kc7 47. Na5 Kb6 48. Nb3 Bf8 49. Kf4 a5 50. Kxf5 Bh6 51. Kg6 Be3 52. Kxh5 a4 53. Kg6 axb3 54. cxb3 Kc6 55. h4 Kd6 56. Kf5 Ke7 57. Ke4 Bd4 58. Kd5 Kf6 0-1

[Event "34th European Club Cup 2018"]
[Site "Halkidiki"]
[Date "2018.10.16"]
[Round "5"]
[White "Otero Martinez, Daniel"]
[Black "Bellincampi, Stefano"]
[Result "1-0"]
[WhiteElo "2167"]
[BlackElo "2078"]
[Annotator "TA"]
[PlyCount "53"]
[EventDate "2018.10.12"]
[EventType "team-tourn"]
[EventCountry "GRE"]
[SourceTitle "playchess.com"]
[Source "ChessBase"]
[SourceQuality "1"]
[WhiteTeam "Dublin"]
[BlackTeam "Lazio ASD"]

1. d4 d5 2. Nf3 Nf6 3. c4 e6 4. Bg5 Bb4+ 5. Nc3 Nbd7 6. cxd5 exd5 7. e3 c5 8. Bd3 Qa5 9. Qc2 c4 10. Bf5 O-O 11. O-O Re8 12. a3 Bxc3 13. Qxc3 Qxc3 14. bxc3 Ne4 15. Bxe4 dxe4 16. Nd2 Nb6 17. a4 a5 18. Rfb1 Ra6 19. Bf4 Bd7 20. Rxb6 Rxb6 21. Nxc4 Rc6 22. Nxa5 Rxc3 23. Nxb7 Bxa4 24. Nd6 Ra8 25. Nxe4 Rc2 26. f3 Be8 27. Rxa8 1-0

[Event "34th European Club Cup 2018"]
[Site "Halkidiki"]
[Date "2018.10.16"]
[Round "5"]
[White "Rasmussen, Henning"]
[Black "McMillan, Charles Stuart"]
[Result "0-1"]
[WhiteElo "2165"]
[BlackElo "2070"]
[Annotator "TA"]
[PlyCount "70"]
[EventDate "2018.10.12"]
[EventType "team-tourn"]
[EventCountry "GRE"]
[SourceTitle "playchess.com"]
[Source "ChessBase"]
[SourceQuality "1"]
[WhiteTeam "Jetsmark"]
[BlackTeam "White Rose"]

1. d4 Nf6 2. c4 g6 3. Nc3 Bg7 4. e4 d6 5. Be2 O-O 6. Be3 e5 7. d5 a5 8. g4 Na6 9. h4 Nc5 10. Bf3 c6 11. g5 Nfd7 12. dxc6 bxc6 13. Qxd6 Qb6 14. Qd2 Qxb2 15. Rd1 Qb4 16. Be2 Ne6 17. Rb1 Qe7 18. Nf3 Rd8 19. O-O Ndc5 20. Bxc5 Qxc5 21. Qe3 Nd4 22. Rfc1 Qe7 23. Bf1 Be6 24. Na4 Rab8 25. Ne1 f6 26. Nb6 fxg5 27. hxg5 Rf8 28. Qg3 Qa7 29. c5 Rf4 30. f3 Rbf8 31. Rc3 Qf7 32. Kg2 Rg4 33. fxg4 Qxf1+ 34. Kh2 Ne2 35. Rf3 Nxg3 0-1

[Event "34th European Club Cup 2018"]
[Site "Halkidiki"]
[Date "2018.10.16"]
[Round "5"]
[White "Vanheirzeele, Daniel"]
[Black "Vucinic, Gojko"]
[Result "0-1"]
[WhiteElo "2158"]
[BlackElo "2398"]
[Annotator "TA"]
[PlyCount "82"]
[EventDate "2018.10.12"]
[EventType "team-tourn"]
[EventCountry "GRE"]
[SourceTitle "playchess.com"]
[Source "ChessBase"]
[SourceQuality "1"]
[WhiteTeam "KGSRL"]
[BlackTeam "Itaka"]

1. d4 Nf6 2. c4 g6 3. Nc3 d5 4. Nf3 Bg7 5. Qb3 dxc4 6. Qxc4 O-O 7. e4 Be6 8. Qb5 Bd7 9. Qb3 c5 10. d5 b5 11. Bxb5 Nxe4 12. Nxe4 Qa5+ 13. Bd2 Qxb5 14. Qxb5 Bxb5 15. Bc3 Rd8 16. Bxg7 Kxg7 17. Nc3 Ba6 18. O-O-O Nd7 19. Rhe1 Kf8 20. d6 exd6 21. Rxd6 Nb6 22. Rxd8+ Rxd8 23. Re5 Rc8 24. Nd2 f6 25. Re3 f5 26. Kc2 Kf7 27. f4 Kf6 28. Nf3 h6 29. h4 Bb7 30. Ne5 Bxg2 31. Rg3 Be4+ 32. Nxe4+ fxe4 33. Rxg6+ Kf5 34. Rxh6 Kxf4 35. Nf7 Re8 36. Rf6+ Kg4 37. Nd6 Re5 38. Nf7 Re7 39. Nd6 Nd5 40. Rg6+ Kf3 41. Rg1 e3 0-1

[Event "34th European Club Cup 2018"]
[Site "Halkidiki"]
[Date "2018.10.16"]
[Round "5"]
[White "Ejsing, Esben"]
[Black "Jadin, Yves"]
[Result "1-0"]
[WhiteElo "2154"]
[BlackElo "1855"]
[Annotator "TA"]
[PlyCount "114"]
[EventDate "2018.10.12"]
[EventType "team-tourn"]
[EventCountry "GRE"]
[SourceTitle "playchess.com"]
[Source "ChessBase"]
[SourceQuality "1"]
[WhiteTeam "Nordkalotten"]
[BlackTeam "Dudelange"]

1. Nf3 Nf6 2. b3 g6 3. Bb2 Bg7 4. e3 d6 5. c4 O-O 6. Be2 c5 7. O-O Nc6 8. Nc3 Bg4 9. h3 Bxf3 10. Bxf3 Qc8 11. d3 a6 12. Kh2 e6 13. g4 Nd7 14. Bg2 f5 15. f4 Rb8 16. Qd2 Qd8 17. g5 Qc7 18. Rad1 Rbd8 19. h4 Nb6 20. Ba3 Ne7 21. Ne2 e5 22. d4 e4 23. d5 Nd7 24. b4 b6 25. Rh1 Kf7 26. h5 Rg8 27. h6 Bh8 28. Rb1 Rb8 29. Rhc1 cxb4 30. Qxb4 Nc5 31. Rd1 Ke8 32. Nd4 a5 33. Qd2 Bxd4 34. Qxd4 Rd8 35. Bf1 Nc8 36. Rd2 Qf7 37. Be2 Rd7 38. Qa1 Rf8 39. Bb2 Qg8 40. Bd4 Rff7 41. Qb2 Rb7 42. Qa3 Rfc7 43. Kg3 Qf7 44. Bd1 Qe7 45. Bc2 Kf7 46. Qc3 Kg8 47. Qa3 Qd7 48. Ba1 Qf7 49. Qc3 Kf8 50. Qd4 Rd7 51. Bc3 Rdc7 52. Bd1 Nd3 53. Ba4 Nc5 54. Bc6 Ra7 55. Rdb2 Rxc6 56. dxc6 Rc7 57. Qh8+ Ke7 1-0

[Event "34th European Club Cup 2018"]
[Site "Halkidiki"]
[Date "2018.10.16"]
[Round "5"]
[White "Linnanen, Lassi"]
[Black "Stanic, Zoran"]
[Result "1-0"]
[WhiteElo "2153"]
[BlackElo "2143"]
[Annotator "TA"]
[PlyCount "73"]
[EventDate "2018.10.12"]
[EventType "team-tourn"]
[EventCountry "GRE"]
[SourceTitle "playchess.com"]
[Source "ChessBase"]
[SourceQuality "1"]
[WhiteTeam "Aatos"]
[BlackTeam "Bonnevoie"]

1. e4 d6 2. d4 Nf6 3. Nc3 g6 4. Nf3 Bg7 5. Be2 O-O 6. O-O Bg4 7. h3 Bxf3 8. Bxf3 Nc6 9. Ne2 e5 10. c3 Rb8 11. Be3 a5 12. d5 Ne7 13. c4 Nd7 14. a3 f5 15. b4 f4 16. Bd2 axb4 17. axb4 b6 18. Nc3 Nf6 19. Nb5 Rf7 20. Qe2 h5 21. Rfc1 Nc8 22. Rc2 Bf8 23. Bc3 Rh7 24. c5 bxc5 25. bxc5 Qe8 26. Rb2 Qd7 27. c6 Qd8 28. Ba5 Nb6 29. Nxc7 Qxc7 30. Rab1 g5 31. Rxb6 Rxb6 32. Rxb6 Qc8 33. Qa6 Qe8 34. Rb7 g4 35. Rxh7 Kxh7 36. c7 gxf3 37. c8=Q 1-0

[Event "34th European Club Cup 2018"]
[Site "Halkidiki"]
[Date "2018.10.16"]
[Round "5"]
[White "Longson, Sarah N"]
[Black "Galburd, Yan"]
[Result "0-1"]
[WhiteElo "2149"]
[BlackElo "2358"]
[Annotator "TA"]
[PlyCount "84"]
[EventDate "2018.10.12"]
[EventType "team-tourn"]
[EventCountry "GRE"]
[SourceTitle "playchess.com"]
[Source "ChessBase"]
[SourceQuality "1"]
[WhiteTeam "Oldham"]
[BlackTeam "Rehovot"]

1. e4 e6 2. d4 d5 3. Nc3 Bb4 4. exd5 exd5 5. Bd3 Nf6 6. Bg5 h6 7. Bh4 O-O 8. Nge2 c5 9. dxc5 Nc6 10. O-O g5 11. Bg3 Bxc5 12. h4 Nh5 13. Nxd5 gxh4 14. Qd2 Qg5 15. Qxg5+ hxg5 16. Bh2 Bg4 17. a3 Rad8 18. c4 Kg7 19. b4 Bd6 20. Bxd6 Rxd6 21. f3 Be6 22. Nec3 Ne5 23. Rfd1 Bxd5 24. Nxd5 b5 25. Bf1 Rfd8 26. Rdc1 bxc4 27. Ne3 Ng3 28. Nxc4 Nxc4 29. Bxc4 Rd2 30. Re1 Rc8 31. Rac1 Kf6 32. Ba6 Rxc1 33. Rxc1 Rd6 34. Bc4 Nf5 35. Kf2 Rd2+ 36. Be2 Ng3 37. Re1 Ra2 38. Ke3 Rxa3+ 39. Kd4 Ra2 40. Bc4 Rxg2 41. f4 gxf4 42. Bd5 Rd2+ 0-1

[Event "34th European Club Cup 2018"]
[Site "Halkidiki"]
[Date "2018.10.16"]
[Round "5"]
[White "Wundermann, Xavier"]
[Black "Pein, Malcolm"]
[Result "1-0"]
[WhiteElo "2139"]
[BlackElo "2327"]
[Annotator "TA"]
[PlyCount "59"]
[EventDate "2018.10.12"]
[EventType "team-tourn"]
[EventCountry "GRE"]
[SourceTitle "playchess.com"]
[Source "ChessBase"]
[SourceQuality "1"]
[WhiteTeam "Bois-Colombes"]
[BlackTeam "Wood Green"]

1. e4 e5 2. Bc4 Nf6 3. d3 c6 4. Bb3 d5 5. Nf3 a5 6. c3 Bd6 7. Bg5 dxe4 8. dxe4 Na6 9. Nbd2 b5 10. O-O a4 11. Bc2 h6 12. Bh4 Qe7 13. Nxe5 Bxe5 14. f4 Bxf4 15. Rxf4 g5 16. Rxf6 Qxf6 17. Bf2 Qg6 18. Nf3 Bg4 19. Qd4 O-O 20. Ne5 Qe6 21. Nxg4 Qxg4 22. h3 Qe6 23. Rd1 Rfd8 24. Qb6 Rxd1+ 25. Bxd1 c5 26. Qxb5 Rb8 27. Qxa4 Rxb2 28. Bb3 Qe5 29. g3 Qxe4 30. Qxe4 1-0

[Event "34th European Club Cup 2018"]
[Site "Halkidiki"]
[Date "2018.10.16"]
[Round "5"]
[White "Dorfanis, Ilarion"]
[Black "Hasenohr, Benedict"]
[Result "1/2-1/2"]
[WhiteElo "2135"]
[BlackElo "2277"]
[Annotator "TA"]
[PlyCount "132"]
[EventDate "2018.10.12"]
[EventType "team-tourn"]
[EventCountry "GRE"]
[SourceTitle "playchess.com"]
[Source "ChessBase"]
[SourceQuality "1"]
[WhiteTeam "Thessalonikis"]
[BlackTeam "Winterthur"]

1. d4 d5 2. c4 c6 3. Nc3 Nf6 4. cxd5 cxd5 5. Bf4 Nc6 6. e3 Bf5 7. Nf3 a6 8. Ne5 e6 9. g4 Bg6 10. h4 Qb6 11. a3 Qxb2 12. Na4 Qc2 13. Qxc2 Bxc2 14. Nb6 Rd8 15. Nxc6 bxc6 16. Bxa6 Nd7 17. Nxd7 Kxd7 18. Kd2 Ra8 19. Be2 Ba4 20. Rhb1 Kc8 21. Rb6 Be7 22. Rab1 Rd8 23. Rb7 Re8 24. Rc7+ Kd8 25. Rbb7 c5 26. dxc5 e5 27. Bxe5 Bxh4 28. Bxg7 f6 29. Bh6 Bxf2 30. Bf4 Re6 31. Rxh7 Bc6 32. Rh8+ Re8 33. Rxe8+ Bxe8 34. Rb8+ Rxb8 35. Bxb8 d4 36. Bf4 Ba4 37. Bf3 Kd7 38. Ke2 dxe3 39. Bxe3 Bg3 40. Bd4 Ke6 41. Kd3 Bf4 42. Kc4 Bc2 43. Kb5 f5 44. gxf5+ Bxf5 45. a4 Kd7 46. Kb6 Kc8 47. Be2 Kb8 48. c6 Be4 49. Bb5 Bd6 50. Bc3 Bf4 51. Kc5 Kc7 52. Ba5+ Kc8 53. Kd4 Bf3 54. Bb6 Bg3 55. a5 Bg2 56. Ba6+ Kb8 57. Bb7 Bf1 58. Kc5 Be2 59. Kb4 Bd6+ 60. Bc5 Kc7 61. Ba8 Ba6 62. Bxd6+ Kxd6 63. Bb7 Be2 64. Ba8 Ba6 65. Ka4 Kc7 66. Kb4 Kb8 1/2-1/2

[Event "34th European Club Cup 2018"]
[Site "Halkidiki"]
[Date "2018.10.16"]
[Round "5"]
[White "Nestor, Kaarel"]
[Black "Nelson, Jonathan P"]
[Result "1/2-1/2"]
[WhiteElo "2132"]
[BlackElo "2181"]
[Annotator "TA"]
[PlyCount "104"]
[EventDate "2018.10.12"]
[EventType "team-tourn"]
[EventCountry "GRE"]
[SourceTitle "playchess.com"]
[Source "ChessBase"]
[SourceQuality "1"]
[WhiteTeam "Reval"]
[BlackTeam "Blackthorne"]

1. d4 Nf6 2. Nf3 d6 3. c4 Nbd7 4. g3 e5 5. Nc3 Be7 6. Bg2 O-O 7. O-O c6 8. e4 Re8 9. Re1 a6 10. Qc2 Bf8 11. b3 b5 12. Bb2 Bb7 13. Rad1 Qa5 14. Bf1 Rad8 15. a3 exd4 16. b4 Qb6 17. Nxd4 bxc4 18. Bxc4 Ne5 19. Be2 c5 20. Nf5 cxb4 21. Nd5 Bxd5 22. exd5 bxa3 23. Bd4 Qa5 24. Ne3 Nxd5 25. Nxd5 Qxd5 26. Qc3 Rc8 27. Qxa3 Rc2 28. Bxe5 Qxe5 29. Bd3 Qxe1+ 30. Rxe1 Rxe1+ 31. Kg2 Rcc1 32. Qxa6 g6 33. h4 Red1 34. h5 Rc3 35. Be4 Rc5 36. Qa4 Rdc1 37. hxg6 hxg6 38. Qa2 Kg7 39. Qb2+ R1c3 40. Qb7 Rc7 41. Qd5 R3c5 42. Qd4+ Kg8 43. Bd5 Bg7 44. Qe4 Kf8 45. Bb3 Bf6 46. Qd3 Ke7 47. Qe3+ Re5 48. Qb6 Rec5 49. Qb4 Rf5 50. Qb6 Rfc5 51. Qb4 Rf5 52. Qb6 Rfc5 1/2-1/2

[Event "34th European Club Cup 2018"]
[Site "Halkidiki"]
[Date "2018.10.16"]
[Round "5"]
[White "Willis, Rupert"]
[Black "Svendsen, Peter Willer"]
[Result "1-0"]
[WhiteElo "2131"]
[BlackElo "1948"]
[Annotator "TA"]
[PlyCount "61"]
[EventDate "2018.10.12"]
[EventType "team-tourn"]
[EventCountry "GRE"]
[SourceTitle "playchess.com"]
[Source "ChessBase"]
[SourceQuality "1"]
[WhiteTeam "Grantham"]
[BlackTeam "Hillerod"]

1. c4 c5 2. g3 Nc6 3. Bg2 g6 4. Nc3 Bg7 5. a3 d6 6. Rb1 Bf5 7. d3 h5 8. h3 Nh6 9. Bd2 Qd7 10. b4 O-O 11. Qc1 Kh7 12. bxc5 dxc5 13. g4 Be6 14. Ne4 Ng8 15. Nxc5 Qd4 16. Nxe6 fxe6 17. Nf3 Qd7 18. Ng5+ Kh8 19. Be4 Ne5 20. f4 Nf7 21. Nxf7+ Rxf7 22. Bxg6 Rff8 23. Be4 Rab8 24. Rb5 e5 25. Bf3 a6 26. Rd5 Qc7 27. fxe5 e6 28. Rd6 Bxe5 29. Rxe6 Bg3+ 30. Kd1 Qd7 31. Bc3+ 1-0

[Event "34th European Club Cup 2018"]
[Site "Halkidiki"]
[Date "2018.10.16"]
[Round "5"]
[White "Vanstreels, Luc"]
[Black "Csonka, Attila Istvan"]
[Result "0-1"]
[WhiteElo "2123"]
[BlackElo "2353"]
[Annotator "TA"]
[PlyCount "58"]
[EventDate "2018.10.12"]
[EventType "team-tourn"]
[EventCountry "GRE"]
[SourceTitle "playchess.com"]
[Source "ChessBase"]
[SourceQuality "1"]
[WhiteTeam "Eynatten"]
[BlackTeam "Dunajska Streda"]

1. d4 Nf6 2. Bf4 e6 3. e3 b6 4. Nf3 Bb7 5. Nbd2 Bd6 6. Bg3 Na6 7. c3 Bxg3 8. hxg3 c5 9. Bd3 cxd4 10. exd4 Nc7 11. Qe2 d6 12. a4 h6 13. Kf1 O-O 14. Nh4 e5 15. dxe5 dxe5 16. Rd1 Qe8 17. Nf5 e4 18. Nxe4 Bxe4 19. Nxh6+ gxh6 20. Rxh6 Bg6 21. Qf3 Kg7 22. Re1 Qd7 23. Bxg6 fxg6 24. Qf4 Ng4 25. Qg5 Qd3+ 26. Kg1 Nxh6 27. Re7+ Rf7 28. Qe5+ Kg8 29. Qxc7 Qd1+ 0-1